| 000 | 00368nam a2200133Ia 4500 | ||
|---|---|---|---|
| 008 | 130318s9999 xx 000 0 und d | ||
| 020 | _a8173662584 | ||
| 082 | _a005.269H MEY/C | ||
| 100 | _aMeyer, Eric A | ||
| 245 | _aCascading style sheets: The definitive guide | ||
| 260 |
_bOreilly/Shroff Publishers and Distributors _aMumbai _c2000 |
||
| 300 | _a453 | ||
| 650 | _aHTML | ||
| 999 |
_c136 _d136 |
||